the oxford english to urdu dictionary : (Record no. 232892)

000 -LEADER
fixed length control field 00706nam a2200229 i 4500
001 - CONTROL NUMBER
control field 1807023
003 - CONTROL NUMBER IDENTIFIER
control field Nust
005 - DATE AND TIME OF LATEST TRANSACTION
control field 20170224120940.0
008 - FIXED-LENGTH DATA ELEMENTS--GENERAL INFORMATION
fixed length control field 790712s1978 pk d 000 0 eng
010 ## - LIBRARY OF CONGRESS CONTROL NUMBER
LC control number 78931279
020 ## - INTERNATIONAL STANDARD BOOK NUMBER
Terms of availability 978-0-19-579340-6
040 ## - CATALOGING SOURCE
Original cataloging agency DLC
Transcribing agency ASAB
Modifying agency DLC
050 00 - LIBRARY OF CONGRESS CALL NUMBER
Classification number PK1976
Item number .F37
082 00 - DEWEY DECIMAL CLASSIFICATION NUMBER
Classification number 423/.91439
245 00 - TITLE STATEMENT
Title the oxford english to urdu dictionary :
Statement of responsibility, etc. shanul haq haqqee
250 ## - EDITION STATEMENT
Edition statement 1st ed.
260 ## - PUBLICATION, DISTRIBUTION, ETC.
Place of publication, distribution, etc. Lahore :
Name of publisher, distributor, etc. Ferozsons,
Date of publication, distribution, etc. 1978.
300 ## - PHYSICAL DESCRIPTION
Extent 2099 p. ;
Dimensions 23 cm.
650 #0 - SUBJECT ADDED ENTRY--TOPICAL TERM
Topical term or geographic name entry element English language
General subdivision Dictionaries
-- Urdu.
700 2# - ADDED ENTRY--PERSONAL NAME
Personal name Hamid Khan, Abdul,
Dates associated with a name 1900-
906 ## - LOCAL DATA ELEMENT F, LDF (RLIN)
a 7
b cbc
c orignew
d 4
e ncip
f 19
g y-gencatlg
942 ## - ADDED ENTRY ELEMENTS (KOHA)
Source of classification or shelving scheme
Koha item type Book
Holdings
Withdrawn status Lost status Source of classification or shelving scheme Damaged status Not for loan Permanent Location Current Location Date acquired Total Checkouts Full call number Barcode Date last seen Price effective from Koha item type
          Atta-ur-Rahman School of Applied Biosciences (ASAB) Atta-ur-Rahman School of Applied Biosciences (ASAB) 02/24/2017   423.01 HAQ ASAB514 07/18/2019 02/24/2017 Reference
© 2023 Central Library, National University of Sciences and Technology. All Rights Reserved.